[Event "WSTCC-65 2020"]
[Site "Prague"]
[Date "2020.03.06"]
[Round "1.11"]
[White "Mlynek, Petr"]
[Black "Lechtynsky, Jiri"]
[Result "0-1"]
[WhiteElo "2053"]
[BlackElo "2330"]
[Annotator "TA"]
[PlyCount "104"]
[EventDate "2020.03.06"]
[EventType "team-tourn"]
[EventCountry "CZE"]
[SourceTitle "playchess.com"]
[Source "ChessBase"]
[SourceQuality "1"]

{[%evp 21,104,76,76,52,106,105,164,183,171,90,111,43,64,34,32,32,36,27,35,-61,-61,-54,-43,-45,-58,-58,-64,-64,-27,-77,-13,-24,-13,-13,-2,-37,-37,-38,-42,-44,-25,-33,-25,-31,-15,-22,-26,-25,-8,-16,-22,-44,-17,-25,-19,-42,-20,-20,-20,-58,-65,-96,-37,-41,-37,-89,-106,-91,-65,-256,-250,-433,-414,-362,-237,-404,-381,-491,-466,-554,-530,-974,-877,-1109,-1000]} 1. d4 Nf6 2. c4 g6 3. Nf3 Bg7 4. g3 c6 5. Bg2 O-O 6. O-O d6 7. Nc3 Qa5 8. e4 Bg4 9. h3 Bxf3 10. Bxf3 Nfd7 11. Be3 c5 12. dxc5 {E62: King's Indian: Fianchetto: 6...c6 and Panno Variation (6...Nc6) without ...a6.} dxc5 (12... Bxc3 $14 13. bxc3 Nxc5) 13. e5 $1 $16 a6 (13... Qb6 $16) 14. e6 $1 $18 {[%cal Re6d7] White is clearly better.} (14. Bxb7 $6 Ra7 $14) 14... fxe6 {[#]} 15. Bg4 $146 (15. Bxb7 $18 Ra7 16. Bg2) ({Predecessor:} 15. Bxb7 Ra7 16. Bg2 Ne5 17. Ne4 Nxc4 18. Bxc5 Rd7 19. Qg4 Rf5 20. b4 Qa4 21. Rad1 Qxa2 {1-0 (34) Boyd,S (2306)-Claverie,C (2354) France 2010}) 15... Qb6 {[#]} 16. Rb1 (16. Qb3 $1 $16) 16... Qc6 17. Bg5 Ne5 18. Bxe7 Re8 19. Bg5 Nbd7 20. Qa4 (20. Be2 $1 $14) 20... Qxa4 $1 $15 21. Nxa4 b5 22. cxb5 axb5 23. Nc3 Nxg4 24. hxg4 Ne5 {And now ...Nf3+ would win.} 25. Be3 c4 (25... Reb8 $17 26. a3 Nd3) 26. Nxb5 $11 {Nc7 is the strong threat.} Rxa2 27. Nc3 Ra5 28. Rfc1 Nxg4 29. Ne4 Nxe3 30. fxe3 Rc8 31. Nd6 Rc6 32. Nxc4 Rb5 33. b3 h5 34. Kf2 Kh7 35. Kf3 Rf5+ 36. Ke4 Rg5 37. Kf3 Rc8 38. Rg1 Rg4 39. Rbd1 Rb8 40. Rb1 g5 41. Nd2 {[#]} Rf8+ (41... Bc3 $1 $17 {[%cal Rc3d2]} 42. Nc4 Kg6) 42. Ke2 $15 Be5 43. b4 ({White should try} 43. Rbc1 $15) 43... Kg6 $17 ({Reject} 43... Bxg3 44. b5 $11) ({Much weaker is} 43... Rxg3 $6 44. Rxg3 Bxg3 45. Ne4 $11) 44. b5 Rxg3 ({Of course not} 44... Bxg3 $6 45. b6 $11) 45. Nc4 $2 {Loses the game.} (45. Rxg3 $15 Bxg3 46. Ne4) 45... Bb8 $19 46. b6 $2 (46. Rxg3 Bxg3 47. Nd2) 46... Rxg1 47. Rxg1 {[%mdl 4096] Endgame KRB-KRN} Rc8 48. Kd3 $2 (48. Nd2 {might work better.}) 48... g4 49. b7 Rc5 {Black is clearly winning.} 50. Rb1 h4 51. Kd4 Rd5+ 52. Ke4 h3 {Accuracy: White = 44%, Black = 73%.} 0-1

[Event "WSTCC-65 2020"]
[Site "Prague"]
[Date "2020.03.06"]
[Round "1.12"]
[White "Mozny, Milos"]
[Black "Fencl, Vaclav"]
[Result "1/2-1/2"]
[WhiteElo "2261"]
[BlackElo "1857"]
[Annotator "ChessBase"]
[PlyCount "36"]
[EventDate "2020.03.06"]
[EventType "team-tourn"]
[EventCountry "CZE"]
[SourceTitle "playchess.com"]
[Source "ChessBase"]
[SourceQuality "1"]
[TimeControl "40/5400+30:1800+30"]

1. d4 {[%emt 0:00:00]} c5 {[%emt 0:00:00]} 2. c3 {[%emt 0:00:34]} e6 {[%emt 0:00:38]} 3. Nf3 {[%emt 0:00:12]} d5 {[%emt 0:01:19]} 4. Bf4 {[%emt 0:00:28]} Bd6 {[%emt 0:01:16]} 5. Bg3 {[%emt 0:00:26]} Nf6 {[%emt 0:01:35]} 6. e3 {[%emt 0:00:39]} O-O {[%emt 0:01:39]} 7. Nbd2 {[%emt 0:02:47]} b6 {[%emt 0:02:56]} 8. Ne5 {[%emt 0:02:15]} Qc7 {[%emt 0:07:13]} 9. f4 {[%emt 0:04:35]} Ba6 {[%emt 0:01:57]} 10. Bxa6 {[%emt 0:00:52]} Nxa6 {[%emt 0:00:06]} 11. O-O {[%emt 0:00:33]} Rac8 {[%emt 0:01:49]} 12. Bh4 {[%emt 0:10:31]} Be7 {[%emt 0:02:15]} 13. f5 {[%emt 0:02:16]} Nb8 {[%emt 0:03:09]} 14. Bxf6 {[%emt 0:16:22]} Bxf6 {[%emt 0:01:02]} 15. Ng4 {[%emt 0:00:11]} Nd7 {[%emt 0:02:48]} 16. Nxf6+ {[%emt 0:24:50]} Nxf6 {[%emt 0:01:01]} 17. fxe6 {[%emt 0:00:34]} fxe6 {[%emt 0:00:42]} 18. Qb3 {[%emt 0:00:09]} Ng4 1/2-1/2

[Event "WSTCC-65 2020"]
[Site "Prague"]
[Date "2020.03.06"]
[Round "1.13"]
[White "Stebbings, Anthony J"]
[Black "Mojzis, Jaroslav"]
[Result "1/2-1/2"]
[WhiteElo "2313"]
[BlackElo "2074"]
[Annotator "ChessBase"]
[PlyCount "83"]
[EventDate "2020.03.06"]
[EventType "team-tourn"]
[EventCountry "CZE"]
[SourceTitle "playchess.com"]
[Source "ChessBase"]
[SourceQuality "1"]
[TimeControl "40/5400+30:1800+30"]

1. c4 {[%emt 0:00:00]} Nf6 {[%emt 0:00:00]} 2. Nc3 {[%emt 0:00:00]} e6 {[%emt 0:00:00]} 3. Nf3 {[%emt 0:00:00]} Bb4 {[%emt 0:02:17]} 4. Qc2 {[%emt 0:00:00]} d6 {[%emt 0:05:54]} 5. a3 {[%emt 0:01:03]} Bxc3 {[%emt 0:00:27]} 6. Qxc3 {[%emt 0:00:04]} e5 {[%emt 0:00:30]} 7. d3 {[%emt 0:05:37]} O-O {[%emt 0:00:49]} 8. e3 {[%emt 0:00:49]} Re8 {[%emt 0:01:12]} 9. b4 {[%emt 0:02:52]} Bg4 {[%emt 0:05:07]} 10. Be2 {[%emt 0:00:47]} Nbd7 {[%emt 0:01:02]} 11. Bb2 {[%emt 0:01:23]} Nf8 {[%emt 0:06:40]} 12. O-O {[%emt 0:00:20]} Ne6 {[%emt 0:00:25]} 13. Rfe1 {[%emt 0:01:59]} e4 {[%emt 0:01:26]} 14. Nd2 {[%emt 0:07:38]} Bxe2 {[%emt 0:01:01]} 15. Rxe2 {[%emt 0:00:04]} exd3 {[%emt 0:00:20]} 16. Qxd3 {[%emt 0:00:40]} Qe7 {[%emt 0:01:46]} 17. Ree1 {[%emt 0:02:06]} Rad8 {[%emt 0:02:22]} 18. e4 {[%emt 0:01:38]} c6 {[%emt 0:09:57]} 19. Qe3 {[%emt 0:11:59]} a6 {[%emt 0:02:44]} 20. Rad1 {[%emt 0:07:27]} h6 {[%emt 0:04:21]} 21. Nf1 {[%emt 0:05:25]} Ng4 {[%emt 0:15:14]} 22. Qg3 {[%emt 0:05:37]} Nf6 {[%emt 0:00:47]} 23. f3 {[%emt 0:03:46]} Nh5 {[%emt 0:03:54]} 24. Qg4 {[%emt 0:02:16]} Qg5 {[%emt 0:05:49]} 25. Ne3 {[%emt 0:00:36]} Qxg4 {[%emt 0:02:20]} 26. fxg4 {[%emt 0:01:21]} Nhf4 {[%emt 0:07:58]} 27. Nf5 {[%emt 0:01:10]} Ng5 {[%emt 0:03:16]} 28. Nxd6 {[%emt 0:05:52]} Re6 {[%emt 0:00:19]} 29. e5 {[%emt 0:04:42]} Rd7 {[%emt 0:02:26]} 30. h4 {[%emt 0:02:22]} Nh7 {[%emt 0:00:19]} 31. Nf5 {[%emt 0:08:58]} Nf8 {[%emt 0:05:30]} 32. Rxd7 {[%emt 0:05:23]} Nxd7 {[%emt 0:00:09]} 33. Re3 {[%emt 0:06:36]} Nb6 {[%emt 0:00:28]} 34. Re4 {[%emt 0:01:52]} Nd3 {[%emt 0:01:23]} 35. Ba1 {[%emt 0:01:09]} Nd7 {[%emt 0:02:34]} 36. Nd6 {[%emt 0:00:39]} b5 {[%emt 0:00:34]} 37. cxb5 {[%emt 0:00:17]} cxb5 {[%emt 0:00:12]} 38. Nb7 {[%emt 0:01:10]} N3xe5 {[%emt 0:01:55]} 39. Bxe5 {[%emt 0:00:35]} Rxe5 {[%emt 0:00:39]} 40. Nc5 {[%emt 0:00:00]} Rxe4 {[%emt 0:00:00]} 41. Nxe4 {[%emt 0:02:27]} Kf8 {[%emt 0:01:36]} 42. Kf2 {[%emt 0:00:23]} 1/2-1/2

[Event "WSTCC-65 2020"]
[Site "Prague"]
[Date "2020.03.06"]
[Round "1.14"]
[White "Navratil, Frantisek"]
[Black "Page, Mark E"]
[Result "1/2-1/2"]
[WhiteElo "2124"]
[BlackElo "2135"]
[Annotator "NA"]
[PlyCount "44"]
[EventDate "2020.03.06"]
[EventType "team-tourn"]
[EventCountry "CZE"]
[SourceTitle "playchess.com"]
[Source "ChessBase"]
[SourceQuality "1"]
[TimeControl "40/5400+30:1800+30"]

1. e4 {[%emt 0:00:00]} c5 {[%emt 0:00:00]} 2. Nf3 {[%emt 0:00:00]} d6 {[%emt 0:00:00]} 3. d4 {[%emt 0:00:00]} cxd4 {[%emt 0:00:57]} 4. Nxd4 {[%emt 0:01:07]} Nf6 {[%emt 0:00:07]} 5. Nc3 {[%emt 0:00:20]} a6 {[%emt 0:00:05]} 6. Be2 {[%emt 0:00:55]} e5 {[%emt 0:00:18]} 7. Nb3 {[%emt 0:00:24]} Be7 {[%emt 0:00:09]} 8. Be3 {[%emt 0:00:57]} Be6 {[%emt 0:00:19]} 9. O-O {[%emt 0:00:22]} Nbd7 {[%emt 0:02:54]} 10. f3 {[%emt 0:06:30]} b5 {[%emt 0:04:18]} 11. Qe1 {[%emt 0:09:48]} O-O {[%emt 0:04:28]} 12. Qf2 {[%emt 0:07:33]} b4 {[%emt 0:08:43]} 13. Na4 {[%emt 0:04:45]} Qc7 {[%emt 0:02:36]} 14. Bd3 {[%emt 0:03:16]} Rfb8 15. Nd2 {[%emt 0:06:09]} d5 {[%emt 0:11:26]} 16. exd5 {[%emt 0:07:10]} Nxd5 {[%emt 0:01:15]} 17. Kh1 {[%emt 0:00:53]} Nxe3 {[%emt 0:09:41]} 18. Qxe3 {[%emt 0:00:16]} f5 {[%emt 0:02:13]} 19. Rae1 {[%emt 0:07:43]} Bf6 {[%emt 0:01:39]} 20. b3 {[%emt 0:00:15]} Re8 {[%emt 0:08:36]} 21. Bc4 {[%emt 0:02:11]} g6 {[%emt 0:05:35]} 22. Rd1 {[%emt 0:02:49]} Kg7 {[%emt 0:01:48]} 1/2-1/2

[Event "WSTCC-65 2020"]
[Site "Prague"]
[Date "2020.03.06"]
[Round "1.15"]
[White "Bowmer, Kevin"]
[Black "Trojan, Lubos"]
[Result "1/2-1/2"]
[WhiteElo "2116"]
[BlackElo "1928"]
[Annotator "ChessBase"]
[PlyCount "82"]
[EventDate "2020.03.06"]
[EventType "team-tourn"]
[EventCountry "CZE"]
[SourceTitle "playchess.com"]
[Source "ChessBase"]
[SourceQuality "1"]
[TimeControl "40/5400+30:1800+30"]

1. e4 {[%emt 0:00:00]} e6 {[%emt 0:00:00]} 2. d4 {[%emt 0:00:00]} d5 {[%emt 0:00:00]} 3. Nd2 {[%emt 0:00:04]} Nf6 {[%emt 0:00:07]} 4. e5 {[%emt 0:00:15]} Nfd7 {[%emt 0:00:05]} 5. c3 {[%emt 0:00:15]} c5 {[%emt 0:00:11]} 6. Bd3 {[%emt 0:00:12]} Nc6 {[%emt 0:00:26]} 7. Ne2 {[%emt 0:00:17]} Qb6 {[%emt 0:01:48]} 8. Nf3 {[%emt 0:00:57]} cxd4 {[%emt 0:00:46]} 9. cxd4 {[%emt 0:00:49]} Bb4+ {[%emt 0:01:38]} 10. Bd2 {[%emt 0:00:46]} Bxd2+ {[%emt 0:00:46]} 11. Qxd2 {[%emt 0:00:18]} Qb4 {[%emt 0:06:40]} 12. Rc1 {[%emt 0:02:34]} Qxd2+ {[%emt 0:01:45]} 13. Kxd2 {[%emt 0:00:27]} O-O {[%emt 0:04:08]} 14. Bb5 {[%emt 0:17:00]} Ndb8 {[%emt 0:00:55]} 15. Nc3 {[%emt 0:07:00]} Bd7 {[%emt 0:01:36]} 16. Bd3 {[%emt 0:17:08]} Ne7 {[%emt 0:07:22]} 17. Nb5 {[%emt 0:06:15]} Bxb5 {[%emt 0:04:19]} 18. Bxb5 {[%emt 0:00:24]} Nbc6 {[%emt 0:01:43]} 19. Rc5 {[%emt 0:05:49]} Rac8 {[%emt 0:05:03]} 20. Rhc1 {[%emt 0:01:14]} a6 {[%emt 0:00:59]} 21. Bd3 {[%emt 0:04:06]} Rfd8 {[%emt 0:07:41]} 22. Ke3 {[%emt 0:04:22]} h6 {[%emt 0:05:18]} 23. h4 {[%emt 0:01:11]} Kf8 {[%emt 0:00:16]} 24. Nd2 {[%emt 0:05:38]} Ke8 {[%emt 0:05:07]} 25. f4 {[%emt 0:00:58]} Kd7 {[%emt 0:05:59]} 26. g4 {[%emt 0:01:09]} h5 {[%emt 0:01:36]} 27. gxh5 {[%emt 0:07:11]} Rh8 {[%emt 0:00:37]} 28. Nf3 {[%emt 0:01:01]} Rxh5 {[%emt 0:03:00]} 29. a3 {[%emt 0:00:56]} g6 {[%emt 0:03:24]} 30. b4 {[%emt 0:00:19]} Rhh8 {[%emt 0:03:48]} 31. Rh1 {[%emt 0:01:09]} b6 {[%emt 0:01:39]} 32. Rcc1 {[%emt 0:01:12]} Nb8 {[%emt 0:00:26]} 33. Rxc8 {[%emt 0:01:44]} Rxc8 {[%emt 0:00:44]} 34. Ng5 {[%emt 0:00:22]} Rc3 {[%emt 0:02:07]} 35. Nxf7 {[%emt 0:00:59]} Nf5+ {[%emt 0:01:13]} 36. Kd2 {[%emt 0:00:15]} Rxa3 {[%emt 0:00:16]} 37. Nh8 {[%emt 0:02:29]} Nc6 {[%emt 0:02:36]} 38. Nxg6 {[%emt 0:00:25]} Ra2+ {[%emt 0:00:08]} 39. Kc3 {[%emt 0:00:50]} Ra3+ {[%emt 0:00:18]} 40. Kd2 {[%emt 0:00:00]} Ra2+ 41. Kc3 {[%emt 0:04:12]} Ra3+ {[%emt 0:01:34]} 1/2-1/2

[Event "WSTCC-65 2020"]
[Site "Prague"]
[Date "2020.03.06"]
[Round "1.16"]
[White "Just, Pavel"]
[Black "Stokes, Michael"]
[Result "1/2-1/2"]
[WhiteElo "1954"]
[BlackElo "2100"]
[Annotator "ChessBase"]
[PlyCount "53"]
[EventDate "2020.03.06"]
[EventType "team-tourn"]
[EventCountry "CZE"]
[SourceTitle "playchess.com"]
[Source "ChessBase"]
[SourceQuality "1"]
[TimeControl "40/5400+30:1800+30"]

1. e4 {[%emt 0:00:00]} e5 {[%emt 0:00:00]} 2. Nf3 {[%emt 0:00:00]} Nc6 {[%emt 0:00:00]} 3. Bb5 {[%emt 0:00:00]} a6 {[%emt 0:00:00]} 4. Bxc6 {[%emt 0:00:06]} dxc6 {[%emt 0:00:00]} 5. O-O {[%emt 0:00:10]} f6 {[%emt 0:00:00]} 6. d4 {[%emt 0:02:51]} Bg4 {[%emt 0:00:39]} 7. c3 {[%emt 0:03:13]} Bd6 {[%emt 0:04:07]} 8. h3 Bxf3 9. Qxf3 {[%emt 0:24:02]} Ne7 {[%emt 0:01:07]} 10. dxe5 {[%emt 0:03:42]} Bxe5 {[%emt 0:00:04]} 11. Qd1 {[%emt 0:05:41]} Qxd1 {[%emt 0:01:38]} 12. Rxd1 {[%emt 0:00:07]} Ng6 {[%emt 0:00:12]} 13. g3 {[%emt 0:05:22]} Ke7 {[%emt 0:02:04]} 14. f4 {[%emt 0:03:04]} Bd6 {[%emt 0:02:56]} 15. Be3 {[%emt 0:00:14]} h5 {[%emt 0:00:57]} 16. h4 {[%emt 0:01:44]} Kf7 {[%emt 0:01:33]} 17. Nd2 {[%emt 0:03:33]} Rae8 {[%emt 0:03:01]} 18. Re1 {[%emt 0:04:10]} Nf8 {[%emt 0:03:18]} 19. Bf2 {[%emt 0:03:35]} Nd7 {[%emt 0:01:50]} 20. Nf3 {[%emt 0:05:16]} Bc5 {[%emt 0:07:36]} 21. Bd4 {[%emt 0:00:58]} Re7 {[%emt 0:03:26]} 22. Re2 {[%emt 0:00:34]} Rhe8 {[%emt 0:02:00]} 23. Rae1 {[%emt 0:00:11]} Bxd4+ {[%emt 0:05:43]} 24. cxd4 {[%emt 0:01:04]} c5 {[%emt 0:01:15]} 25. d5 {[%emt 0:03:37]} Nb6 {[%emt 0:02:25]} 26. Kf2 {[%emt 0:02:09]} g6 {[%emt 0:01:41]} 27. b3 {[%emt 0:04:06]} 1/2-1/2

[Event "WSTCC-65 2020"]
[Site "Prague"]
[Date "2020.03.06"]
[Round "1.17"]
[White "Burchardt, Brigitte"]
[Black "Birnboim, Nathan"]
[Result "0-1"]
[WhiteElo "2075"]
[BlackElo "2369"]
[Annotator "TA"]
[PlyCount "114"]
[EventDate "2020.03.06"]
[EventType "team-tourn"]
[EventCountry "CZE"]
[SourceTitle "playchess.com"]
[Source "ChessBase"]
[SourceQuality "1"]

{[%evp 9,114,43,53,19,85,74,81,31,45,43,56,16,15,9,14,-15,-25,-49,-52,-57,-63,-125,-125,-125,-125,-125,-125,-122,-122,-117,-118,-122,-125,-124,-122,-122,-103,-111,-108,-101,-87,-172,-149,-154,-165,-171,-163,-192,-193,-193,-185,-237,-247,-282,-272,-331,-325,-375,-331,-325,-297,-337,-318,-328,-250,-278,-268,-277,-174,-188,-116,-393,-375,-374,-357,-349,-317,-328,-202,-194,-169,-235,-190,-191,-200,-208,-187,-339,-339,-322,-175,-599,-593,-585,-522,-940,-850,-807,-770,-12833,-1120,-2103,-738,-12842,-12841,-12844,-12844]} 1. e4 d6 2. d4 Nf6 3. Nc3 a6 4. f3 Nc6 5. Be3 e5 6. Nge2 {B07: Pirc Defence: Miscellaneous Systems.} g6 (6... exd4 $11 {keeps the balance.} 7. Nxd4 Be7) 7. Qd2 $16 Bg7 8. dxe5 {White is better.} Nxe5 9. Nf4 O-O {[#]} 10. Nfd5 $146 ({Predecessor:} 10. O-O-O b5 11. Be2 Rb8 12. Nfd5 Nxd5 13. Nxd5 Be6 14. Kb1 c6 15. Nf4 {½-½ (25) Hutton,H (1723)-Shibut,M (2161) Middleton 2018}) 10... Nxd5 11. Nxd5 Be6 12. Bg5 f6 13. Bh6 Bxh6 14. Qxh6 f5 15. Nf4 (15. Nc3 $1 $15) 15... Qf6 $17 {Threatens to win with ...Nf7.} 16. Nxe6 Qxe6 17. Qh3 Rae8 18. Be2 fxe4 19. Qxe6+ Rxe6 20. fxe4 Rf4 21. Bd3 Nxd3+ 22. cxd3 {[%mdl 4096] Endgame KRR-KRR} d5 23. g3 Rf5 24. Rc1 c6 25. Ke2 (25. Rf1 $17) 25... dxe4 $19 26. d4 Ref6 27. Ke3 Rf2 28. Kxe4 Re2+ ({Don't take} 28... Rxb2 29. Rb1) 29. Kd3 Rxb2 30. d5 (30. Rb1 {was worth a try.} Rf3+ 31. Ke4) 30... cxd5 31. Rc8+ Kg7 32. h4 Rxa2 33. h5 gxh5 34. Rxh5 Rf3+ 35. Kd4 Kg6 ({Don't play} 35... Rxg3 36. Rc7+ Kg6 37. Rhxh7 $19) 36. Rh3 Rb2 37. Rg8+ Kf7 38. Rh8 Rb4+ 39. Ke5 Rg4 ({Better is} 39... Re3+ $1 $19 40. Kxd5 h5 $1 {[%mdl 512]} 41. R8xh5 Rb5+ 42. Kc4 Re4+ 43. Kc3 Re3+ 44. Kc4 Rxh5 45. Rxh5 b6 46. Rh7+ Kg6 $1 {[%mdl 512]}) 40. Rb8 $2 {[%mdl 8192] [#] This move loses the game for White.} (40. R8xh7+ $17 {was necessary.} Rg7 41. Kxd5) 40... Rg5+ $1 41. Kd4 Rb3 42. Rxh7+ Rg7 43. Rh3 a5 44. Kxd5 Ke7 {White must now prevent ...Rb4.} 45. Kc4 (45. Rhh8 {was called for.}) 45... Rb4+ ({Weaker is} 45... Rbxg3 46. Rxb7+ Ke6 47. Rxg3 $11) 46. Kc3 Kd7 47. Ra8 {[#]} Rb5 $1 48. Rf8 $2 (48. g4) 48... Rbg5 49. Rf3 b5 (49... Kc6 $142 50. Rf6+ Kb5) 50. Rd3+ $2 (50. Kb2 {was the crucial defense.}) 50... Kc6 {Black is clearly winning.} 51. Kb3 R7g6 52. Kb2 b4 53. Kb3 Kb5 54. Rf3 a4+ (54... Re6 $142 55. Rh8 a4+ 56. Ka2 Re2+ 57. Ka1 a3 58. Rb8+ Ka4) 55. Kb2 Rd6 (55... Re6 $142 56. Rh2 Rge5) 56. Rh2 Rgd5 57. Rff2 a3+ {Accuracy: White = 45%, Black = 69%.} 0-1

[Event "WSTCC-65 2020"]
[Site "Prague"]
[Date "2020.03.06"]
[Round "1.18"]
[White "Maryasin, Boris"]
[Black "Wagner-Michel, Annett"]
[Result "1-0"]
[WhiteElo "2305"]
[BlackElo "2025"]
[Annotator "ChessBase"]
[PlyCount "61"]
[EventDate "2020.03.06"]
[EventType "team-tourn"]
[EventCountry "CZE"]
[SourceTitle "playchess.com"]
[Source "ChessBase"]
[SourceQuality "1"]
[TimeControl "40/5400+30:1800+30"]

1. e4 {[%emt 0:00:00]} c5 {[%emt 0:00:00]} 2. Nf3 {[%emt 0:00:00]} Nc6 {[%emt 0:00:00]} 3. Bb5 {[%emt 0:00:22]} Nf6 {[%emt 0:00:00]} 4. Qe2 {[%emt 0:02:05]} g6 {[%emt 0:01:46]} 5. Nc3 {[%emt 0:01:55]} Nd4 {[%emt 0:05:40]} 6. Nxd4 {[%emt 0:00:53]} cxd4 {[%emt 0:00:02]} 7. e5 dxc3 {[%emt 0:07:29]} 8. exf6 {[%emt 0:03:01]} e6 {[%emt 0:01:16]} 9. dxc3 {[%emt 0:08:49]} a6 {[%emt 0:06:28]} 10. Ba4 {[%emt 0:01:28]} Qxf6 {[%emt 0:01:07]} 11. Be3 {[%emt 0:00:41]} Qe7 {[%emt 0:27:22]} 12. Bd4 {[%emt 0:05:28]} f6 {[%emt 0:01:21]} 13. O-O {[%emt 0:00:38]} Bh6 {[%emt 0:05:08]} 14. Bc5 {[%emt 0:09:26]} Qf7 {[%emt 0:07:14]} 15. Rfe1 {[%emt 0:02:37]} Bf8 {[%emt 0:08:07]} 16. Qxe6+ {[%emt 0:02:52]} Qxe6 {[%emt 0:00:02]} 17. Rxe6+ {[%emt 0:00:10]} Kf7 {[%emt 0:00:04]} 18. Rxf6+ {[%emt 0:00:19]} Kxf6 {[%emt 0:02:44]} 19. Bd4+ {[%emt 0:00:08]} Kf5 {[%emt 0:01:48]} 20. Bxh8 {[%emt 0:00:20]} b5 {[%emt 0:02:24]} 21. Bb3 {[%emt 0:00:19]} Bb7 {[%emt 0:00:06]} 22. Re1 {[%emt 0:02:06]} Bd6 {[%emt 0:01:05]} 23. Bg7 {[%emt 0:02:20]} Bc6 {[%emt 0:03:06]} 24. h3 {[%emt 0:00:50]} g5 {[%emt 0:00:54]} 25. Bf7 {[%emt 0:03:01]} a5 {[%emt 0:03:59]} 26. Rd1 {[%emt 0:03:08]} Bc5 {[%emt 0:02:37]} 27. Bd4 {[%emt 0:01:16]} Rf8 {[%emt 0:01:57]} 28. g4+ {[%emt 0:04:24]} Kf4 {[%emt 0:02:48]} 29. Bxc5 {[%emt 0:00:29]} Rxf7 {[%emt 0:00:09]} 30. Bd6+ {[%emt 0:00:15]} Ke4 {[%emt 0:02:30]} 31. Kg2 {[%emt 0:00:25]} 1-0